Albums by Cover Art - Pop - Statistics

General Stats
  • This quiz has been taken 1,931 times
    1,930 since last reset
  • The average score is 14 of 20
Answer Stats
Picture Answer % Correct
Adele - 21
96%
Michael Jackson - Thriller
96%
Taylor Swift - Red
90%
Katy Perry - Teenage Dream
87%
Lady Gaga - The Fame
84%
Britney Spears - ...Baby One More Time
82%
The Weeknd - After Hours
82%
Ed Sheeran - ÷ [Divide]
79%
Ariana Grande - Thank U, Next
76%
Olivia Rodrigo - Sour
76%
ABBA - Arrival
72%
Backstreet Boys - Millennium
71%
Dua Lipa - Dua Lipa
69%
George Michael - Faith
69%
Madonna - Like a Virgin
69%
Mariah Carey - Daydream
58%
Bee Gees - Spirits Have Flown
56%
Twenty One Pilots - Blurryface
47%
Billy Joel - An Innocent Man
45%
Christina Aguilera - Christina Aguilera
45%
No matching quizzes found
Score Distribution
Percent of People with Each Score
Percentile by Number Answered
Your Score History
You have not taken this quiz since the last reset